| 000 | 00488nam a2200169Ia 4500 | ||
|---|---|---|---|
| 999 |
_c3666 _d3666 |
||
| 003 | OSt | ||
| 005 | 20200821105443.0 | ||
| 008 | 190216s9999||||xx |||||||||||||| ||und|| | ||
| 020 | _a9788126161652 | ||
| 040 | _coclc | ||
| 082 |
_a664.07 _bCHA/F |
||
| 100 |
_a Chauhan, Sunil Kumar _94251 |
||
| 245 | 0 |
_aFood Chemistry / _cSunil Kumar Chauhan |
|
| 260 |
_bAnmol Publications, _c2014. _aNew Delhi: |
||
| 300 | _a297p | ||
| 942 |
_cBK _2ddc _h664.07 _iCHA/F _k664.07 _mCHA/F |
||